000 00618nam a2200241Ia 4500
003 OSt
005 20220918202936.0
006 a|||||r|||| 00| 0
007 ta
008 220917b |||||||| |||| 00| 0 eng d
024 _a104,948
037 _cTextual
040 _aARTS
_cARTS
_beng
041 _2eng
_aeng
082 _aV3:19058:N4, H5
100 _aCoates W P
_9105993
245 0 _aHistory of Anglo Soviet relations
260 _c1945
650 _aHISTORY
700 _a Coates Z K
_9105994
942 _hV3:19058:N4, H5
_cTEXL
_2CC
999 _c228309
_d228309